| 000 | 00408nam a2200169 a 4500 | ||
|---|---|---|---|
| 001 | 0000-8539 | ||
| 003 | ELIB.Books | ||
| 008 | 110520 1989 | ||
| 035 | _a(ELIB.Books)0000-8684 | ||
| 082 |
_a253 _bLea |
||
| 100 | _aLeadership | ||
| 245 | _aThe Unity Factor | ||
| 260 |
_bTexas: Word Books Publisher _c1989 |
||
| 650 | _aPreaching | ||
| 942 |
_2ddc _cBK |
||
| 998 |
_cbat _e2011-05-20 |
||
| 999 |
_c8539 _d8539 |
||